| 000 | 00914cam a2200265 a 4500 | ||
|---|---|---|---|
| 001 | 4119 | ||
| 005 | 20240710094540.0 | ||
| 020 | _a9780618723966 (pbk. : alk. paper) | ||
| 040 |
_aDLC _cDLC _dDLC _beng |
||
| 050 | 0 | 0 | _aPZ7.P42583 |
| 082 | _a416 | ||
| 100 | 1 | _aPerez, Monica | |
| 245 | 1 | 0 |
_aThe kite / _cadapted by Monica Perez ; based on the TV series teleplay written by Joe Fallon |
| 260 |
_aBoston : _bHoughton Mifflin ; _c2006 |
||
| 300 |
_a21 pages : _bcolor illustrations ; _c23 cm |
||
| 490 |
_aCurious George _vLevel 1 |
||
| 505 | _aH | ||
| 520 | _aCurious George loves a good windy day. There are many things he can practice flying ... like a kite! Now if only he doesn't get too carried away!. | ||
| 521 |
_a450
_bLexile |
||
| 521 |
_aH
_bRaz-Plus |
||
| 650 |
_aWind _vFiction |
||
| 700 | 1 | _aFallon, Joe | |
| 906 |
_a7 _bcbc _corignew _d1 _eecip _f20 _gy-gencatlg |
||
| 942 |
_2ddc _cBK _n0 |
||
| 999 |
_c4119 _d4119 |
||